000 00554nmm a2200169Ia 4500
008 251105s9999||||xx |||||||||||||||||und||
020 _a9788437096377
041 _aspa
100 _aPitarch, M. Dolores
245 0 _aSostenibilidad en las áreas metropolitanas
264 _a[Madrid, España] :
_bPublicaciones de la Universidad de Valencia (PUV),
_c2014
300 _a220 páginas
490 _aEstudios y Documentos de Desarrollo Local
650 _aGeography (General)
856 _uhttps://public.digitaliapublishing.com/a/38927
942 _cCF
999 _c82678
_d82678